Statystyki dla Zgadnij państwo

Kliknij tutaj aby rozwiązać quiz!

Ogólne statystyki

  • Ten quiz został rozwiązany 66 razy
    (53 od ostatniego zresetowania)
  • Średni wynik to 6 z 15

Statystyki odpowiedzi

PytanieKraj% Poprawnych
1 miejsce w rankingu FIFABrazylia
76%
najbardziej homofobiczny kraj w europiePolska
73%
znajduje się miasto AntwerpiaBelgia
62%
najbardziej turystyczny krajFrancja
62%
największa ilość wyspSzwecja
58%
kraj w europie w którym śmiertelność
z powodu alkoholu jest najwyższa
Białoruś
56%
wyspa na wschodzie azjiTajwan
53%
najmniejszy kraj w azjiMalediwy
44%
Najbogatszy kraj świataLuksemburg
36%
Najgorsze powietrze znajduję się wIndie
29%
najbezpieczniejsze państwo świataIslandia
27%
państwo z największym wskaźnikiem otyłośćiNauru
20%
kraj z największą ilością samobójstwLitwa
18%
10 największe państwo na świecieAlgieria
16%
waluta to balboaPanama
7%

Rozkład punktacji

Percentyl według liczby udzielonych odpowiedzi

Procent ludzi z każdym wynikiem

Twoja historia wyników

Nie rozwiązałeś tego quizu od ostatniego zresetowania